| 000 -CABECERA |
| campo de control de longitud fija |
01878nam a2200325 u 4500 |
| 001 - NÚMERO DE CONTROL |
| campo de control |
000060388 |
| 003 - IDENTIFICADOR DEL NÚMERO DE CONTROL |
| campo de control |
OSt |
| 005 - FECHA Y HORA DE LA ÚLTIMA TRANSACCIÓN |
| campo de control |
20210804130136.0 |
| 008 - DATOS DE LONGITUD FIJA--INFORMACIÓN GENERAL |
| campo de control de longitud fija |
140217s2013 ck a jr| 000 f spa d |
| 020 ## - NÚMERO INTERNACIONAL ESTÁNDAR DEL LIBRO |
| Número Internacional Estándar del Libro |
9789584255259 |
| 040 ## - FUENTE DE LA CATALOGACIÓN |
| Centro/agencia transcriptor |
CO-MqBPB |
| 041 0# - CÓDIGO DE LENGUA |
| Código de lengua del texto/banda sonora o título independiente |
spa |
| 043 ## - CÓDIGO DE ÁREA GEOGRÁFICA |
| Código de área geográfica |
s-ck--- |
| 090 ## - LOCALMENTE ASIGNADO TIPO-LC NÚMERO DE CLASIFICACIÓN (OCLC); NÚMERO DE CLASIFICACIÓN LOCAL (RLIN) |
| Número de clasificación (OCLC) (R) ; Numero de clasificación, CALL (RLIN) (NR) |
JN |
| Número cutter local (OCLC) ; Número de libro/Signatura topográfica íntegra, CALL (RLIN) |
MENMcr |
| 100 1# - ENTRADA PRINCIPAL--NOMBRE DE PERSONA |
| Nombre de persona |
Mendoza, Mario, |
| Fechas asociadas al nombre |
1964- |
| 240 10 - TÍTULO UNIFORME |
| Título uniforme |
Bogotá-Bibliografía regional |
| 245 10 - MENCIÓN DE TÍTULO |
| Título |
El mensajero de Agartha 5 : |
| Resto del título |
Crononautas / |
| Mención de responsabilidad, etc. |
Mario Mendoza ; ilustraciones Book and Play Studio |
| 260 ## - PUBLICACIÓN, DISTRIBUCIÓN, ETC. |
| Lugar de publicación, distribución, etc. |
Bogotá : |
| Nombre del editor, distribuidor, etc. |
Planeta, |
| Fecha de publicación, distribución, etc. |
2016. |
| 300 ## - DESCRIPCIÓN FÍSICA |
| Extensión |
194 p. : |
| Otras características físicas |
il. |
| Dimensiones |
21 cm |
| 500 ## - NOTA GENERAL |
| Nota general |
La ciudad maya de Tikal sacude sus misterios sobre Pipe y Elvis, quienes ahora buscan dominar la habilidad de viajar en el tiempo. Un chamán los lleva al pasado para conocer a un médico que lucha contra la peste y la muerte, sin saber que en esa sabiduría reposa la salvación futura de la humanidad.<br/><br/><br/>Terremotos, tsunamis, volcanes en erupción y seres enfermos que deambulan, moribundos, por las calles de un mañana no muy lejano: nunca la esperanza había estado en unas manos tan pequeñas. Nunca el mensajero había corrido tanto peligro.<br/> |
| 520 3# - SUMARIO, ETC. |
| Sumario, etc. |
"En enero del año 2021, en uno de los distritos de Bangkok, una familia campesina cae enferma y es llevada al hospital. Más tarde, dos enfermeras y un médico se contagian y son aislados en cuarentena. Una investigación confirma que se trata de un virus de influenza aviar. Luego serán trasportados al futuro para llevar una muestra biológica que salvará a los hombres del final. |
| 650 14 - PUNTO DE ACCESO ADICIONAL DE MATERIA--TÉRMINO DE MATERIA |
| Término de materia o nombre geográfico como elemento de entrada |
Novela juvenil colombiana. |
| 650 24 - PUNTO DE ACCESO ADICIONAL DE MATERIA--TÉRMINO DE MATERIA |
| Término de materia o nombre geográfico como elemento de entrada |
Literatura juvenil colombiana. |
| 650 24 - PUNTO DE ACCESO ADICIONAL DE MATERIA--TÉRMINO DE MATERIA |
| Término de materia o nombre geográfico como elemento de entrada |
Historias de aventuras. |
| 650 24 - PUNTO DE ACCESO ADICIONAL DE MATERIA--TÉRMINO DE MATERIA |
| Término de materia o nombre geográfico como elemento de entrada |
Astronautas en la literatura |
| 650 24 - PUNTO DE ACCESO ADICIONAL DE MATERIA--TÉRMINO DE MATERIA |
| Término de materia o nombre geográfico como elemento de entrada |
Tempestades en la literatura. |
| 650 24 - PUNTO DE ACCESO ADICIONAL DE MATERIA--TÉRMINO DE MATERIA |
| Término de materia o nombre geográfico como elemento de entrada |
Viajes en la literatura. |
| 650 24 - PUNTO DE ACCESO ADICIONAL DE MATERIA--TÉRMINO DE MATERIA |
| Término de materia o nombre geográfico como elemento de entrada |
Muerte en la literatura. |
| 942 ## - ELEMENTOS DE PUNTO DE ACCESO ADICIONAL (KOHA) |
| Fuente del sistema de clasificación o colocación |
|
| Tipo de ítem Koha |
Libro Literatura |